000 00238nam a2200097Ia 4500
005 20251222114412.0
008 251222s1900||||xx |||||||||||||| ||spa||
082 _aDVD0090/P44/2004
245 0 _aSuite Habana:Un día en la habana
942 _cDVD
999 _c2095
_d2095